Normal view
MARC view
Entry Personal Name
001 - CONTROL NUMBER
- control field: 68635
003 - CONTROL NUMBER IDENTIFIER
- control field: dpl
005 - DATE AND TIME OF LATEST TRANSACTION
- control field: 20240719172000.0
008 - FIXED-LENGTH DATA ELEMENTS
- fixed length control field: 240719|| aca||aabn | a|a d
040 ## - CATALOGING SOURCE
- Original cataloging agency: dpl
- Transcribing agency: dpl
100 ## - HEADING--PERSONAL NAME
- Personal name: S.K Singh
670 ## - SOURCE DATA FOUND
- Source citation: Work cat.: (dpl)204233: S.K Singh, Management Accounting/, 2010
